Sociální politika měsíčník Ministerstva práce a sociálních věcí České republiky
Salvato in:
| Natura: | Periodico |
|---|---|
| Lingua: | ceco |
| Pubblicazione: |
Praha
BMSS-Start
2003
|
| Soggetti: | |
| Tags: |
Nessun Tag, puoi essere il primo ad aggiungerne!!
|
MARC
| LEADER | 00000nas2a22000001 4500 | ||
|---|---|---|---|
| 001 | 0052841 | ||
| 005 | 20070202145233.5 | ||
| 022 | |a 0049-0962 | ||
| 041 | 0 | |a cze | |
| 044 | |a CZ | ||
| 245 | 1 | 0 | |a Sociální politika |b měsíčník Ministerstva práce a sociálních věcí České republiky |
| 264 | 1 | |a Praha |b BMSS-Start |c 2003 | |
| 773 | 0 | |w eu_un_cat*s120022 | |
| 610 | 2 | 0 | |a politika sociálna |
| 610 | 2 | 0 | |a právo pracovné |